Retail marketing a jeho uplatňovanie v podniku Native Studio diplomová práca

Na minha lista:
Detalhes bibliográficos
Autor principal: Murin, Viliam, 1994-
Autor Corporativo: Podnikovohospodárska fakulta EU so sídlom v Košiciach. Katedra obchodného podnikania
Outros Autores: Weiss, Erik, 1979-
Formato: Livro
Idioma:eslovaco
Publicado em: Košice 2022
Tags: Adicionar Tag
Sem tags, seja o primeiro a adicionar uma tag!

MARC

LEADER 00000nbm a2200000 4500
001 0287369
005 20230421084630.2
041 0 |a slo 
044 |a SK 
245 1 0 |a Retail marketing a jeho uplatňovanie v podniku Native Studio  |b diplomová práca  |c Viliam Murin ; školiteľ: Erik Weiss 
264 1 |a Košice  |c 2022 
300 |a 73 s. 
100 1 |a Murin, Viliam, 1994- 
700 1 |a Weiss, Erik, 1979- 
710 2 |a Podnikovohospodárska fakulta EU so sídlom v Košiciach. Katedra obchodného podnikania